000 00595nam a2200205 a 4500
001 BRCA_6197
005 20190320205352.0
008 120711s1800----fr-c######---#000-0#fre-#
041 _afre
044 _afr
050 4 _aPQ1956 A1
_b.T44 1800
245 1 0 _aTheatre de Beaumarchais suivi de ses poesies diverses et procede d´observaions litteraires
_cpar M. Sainte-Beuve
260 _aParĂ­s
_bGarnier
_c[18--?]
300 _a411 p.
_bil., retratos
_c19 cm.
500 _aI57
650 1 4 _aLiteratura francesa
_915591
700 1 _aSainte-Beuve, M.
_915592
902 _aGFM
942 _2lcc
_cB
999 _c5884
_d5884